Apartments town houses & condomintiums / (Record no. 549257)

000 -LEADER
fixed length control field 00454nam a22001577a 4500
022 ## - INTERNATIONAL STANDARD SERIAL NUMBER
International Standard Serial Number 0070023565
082 ## - DEWEY DECIMAL CLASSIFICATION NUMBER
Classification number 728.314
Author Mark APA
-- L-14, P-32
100 ## - MAIN ENTRY--PERSONAL NAME
Personal name Schmertz, Mildred F.
9 (RLIN) 32982
245 ## - TITLE STATEMENT
Title Apartments town houses & condomintiums /
Statement of responsibility, etc. Mildred F. Schmertz
250 ## - EDITION STATEMENT
Edition statement 3rd ed
260 ## - PUBLICATION, DISTRIBUTION, ETC.
Place of publication, distribution, etc. New Delhi :
Name of publisher, distributor, etc. McGraw Hill Book Company,
Date of publication, distribution, etc. .
300 ## - PHYSICAL DESCRIPTION
Extent ix 198 p. :
526 ## - STUDY PROGRAM INFORMATION NOTE
Program name 0
Interest level 0
Reading level 0
Title point value 728_314000000000000_APA
650 ## - SUBJECT ADDED ENTRY--TOPICAL TERM
Topical term or geographic name entry element MCE
9 (RLIN) 379
942 ## - ADDED ENTRY ELEMENTS (KOHA)
Source of classification or shelving scheme
Koha item type Book
Holdings
Withdrawn status Lost status Source of classification or shelving scheme Damaged status Not for loan Permanent Location Current Location Date acquired Total Checkouts Full call number Barcode Date last seen Price effective from Koha item type
          Military College of Engineering (MCE) Military College of Engineering (MCE) 09/22/2014   728.314 APA MCE-11010 09/22/2014 09/22/2014 Book
© 2023 Central Library, National University of Sciences and Technology. All Rights Reserved.